Principles of network and system administration

Αποθηκεύτηκε σε:
Λεπτομέρειες βιβλιογραφικής εγγραφής
Κύριος συγγραφέας: Burgess, Mark 1966-
Μορφή: Βιβλίο
Γλώσσα:English
Δημοσίευση: Chichester : Wiley, c2000
Θέματα:
Ετικέτες: Προσθήκη ετικέτας
Δεν υπάρχουν, Καταχωρήστε ετικέτα πρώτοι!

MARC

LEADER 00000nam a2200000 i 4500
001 1/18484
008 010315s2000 eng d
020 |a 0-471-82303-1 
035 |l 10066509 
040 |a GR-MY-UA  |b gre  |e aacr 
041 0 |a eng 
082 0 |a 004.6 
100 1 |a Burgess, Mark  |d 1966- 
245 1 0 |a Principles of network and system administration /  |c Mark Burgess 
260 |a Chichester :   |b Wiley,   |c c2000 
300 |a x, 418 p.;  |b ill.;  |c 24 cm. 
504 |a Includes bibliographical references and index 
650 0 0 |a Computer networks. 
852 |a INST  |b SAMOS  |e 20010315  |h 004.6 BUR  |p 005300021558  |q 005300021558  |t BK  |y 0 
852 |a INST  |b SAMOS  |e 20010315  |h 004.6 BUR  |p 005300021559  |q 005300021559  |t BK  |y 23 
852 |a INST  |b SAMOS  |e 20010315  |h 004.6 BUR  |p 005300021560  |q 005300021560  |t BK  |y 0 
901 |a BIBL3-2001-1 
909 |a Σ  |b 085898 
909 |a Σ  |b 085896 
909 |a Σ  |b 085897 
922 |a 3ΕΛΗ  |b 200008  |c ΤΠΕΣ/ΠΟΛ2  |d LEADER 
970 |a ΠΟΥΡΝΑΡΑΣ  |b ΔΗΜΗΤΡΗΣ  |z 2001/03/15